[Event "Pinnacle 48th COCC"]
[Site "Toronto CAN"]
[Date "2011.07.16"]
[Round "8"]
[White "Serbanescu,N"]
[Black "Wu,Kevin"]
[Result "0-1"]
[WhiteElo "1829"]
[BlackElo "1914"]

1.e4 c5 2.Nf3 d6 3.Bb5+ Bd7 4.Bxd7+ Qxd7 5.d4 cxd4 6.Nxd4 g6 7.O-O Bg7 8.Nc3 Nc6
9.Be3 Nf6 10.h3 O-O 11.a4 Ne5 12.Nb3 Nc4 13.Bc1 Rfd8 14.Qe2 Rac8 15.a5 b5
16.axb6 axb6 17.Nd4 d5 18.e5 Ne4 19.Nxe4 dxe4 20.c3 Bxe5 21.Qxe4 Bxd4 22.cxd4 Nd6
23.Qe5 Nf5 24.Be3 f6 25.Qe4 Rc6 26.Rfd1 Re6 27.Qf3 Rd6 28.Ra8 Nxd4 29.Rxd8+ Qxd8
30.Rxd4 Rxd4 31.Bxd4 Qxd4 32.Qc3 Qxc3 33.bxc3 Kf7 34.Kf1 Ke6 35.Ke2 Kd5 36.Kd3 b5
37.g3 e5 38.f3 h5 39.g4 hxg4 40.hxg4 f5 41.gxf5 gxf5 42.Ke3 Kc4 43.Kd2 e4
44.fxe4 fxe4  0-1

[Event "34th Taminco Open"]
[Site "Ghent BEL"]
[Date "2011.07.17"]
[Round "4.6"]
[White "Larmuseau,Ma"]
[Black "Docx,S"]
[Result "0-1"]
[WhiteElo "2222"]
[BlackElo "2330"]

1.e4 c5 2.Nf3 d6 3.Bb5+ Nd7 4.d4 cxd4 5.Qxd4 a6 6.Bxd7+ Bxd7 7.Nc3 Rc8 8.O-O e5
9.Qd3 h6 10.a4 Nf6 11.Rd1 Be7 12.Be3 Qc7 13.Ne1 O-O 14.Nd5 Nxd5 15.exd5 f5
16.f4 Bf6 17.fxe5 dxe5 18.Qb3 f4 19.Bb6 Qd6 20.c4 e4 21.c5 Qe5 22.Ba5 Qxb2
23.Qxb2 Bxb2 24.Ra2 Bf6 25.Bb4 Rfd8 26.Rb1 Bd4+ 27.Kf1 Bxc5 28.Bxc5 Rxc5
29.Rxb7 Rxd5 30.Rb6 a5 31.Ra6 Rc8 32.g3 f3 33.Kf2 Rc1 34.Ke3 Rxe1+  0-1

[Event "St Pauli Open"]
[Site "Hamburg GER"]
[Date "2011.07.17"]
[Round "9.23"]
[White "Kuegel,T"]
[Black "Mueller,To"]
[Result "1/2-1/2"]
[WhiteElo "2038"]
[BlackElo "2118"]

1.e4 c5 2.Nf3 d6 3.Bb5+ Bd7 4.Bxd7+ Qxd7 5.c4 e5 6.d3 g6 7.Nc3 Bg7 8.O-O Ne7
9.Ne1 O-O 10.f4 f5 11.fxe5 dxe5 12.Nd5 Nbc6 13.Nf3 h6 14.a3 g5 15.Rb1 g4
16.Nh4 f4 17.b4 cxb4 18.axb4 Bf6 19.Nf5  1/2-1/2

[Event "ch-PHI"]
[Site "Manila PHI"]
[Date "2011.07.17"]
[Round "2"]
[White "Gomez,Joh"]
[Black "Nolte,R"]
[Result "0-1"]
[WhiteElo "2529"]
[BlackElo "2433"]

1.e4 c5 2.Nf3 d6 3.Bb5+ Nd7 4.d4 Nf6 5.Nc3 a6 6.Bxd7+ Nxd7 7.O-O e6 8.Bg5 Qc7
9.d5 e5 10.a4 h6 11.Bh4 g6 12.Nd2 Bg7 13.Nc4 Nb6 14.Ne3 Bd7 15.Bg3 O-O 16.f4 exf4
17.Bxf4 Rae8 18.Qd2 f5 19.a5 Nc8 20.Nxf5 gxf5 21.Bxh6 Qd8 22.Bxg7 Kxg7 23.Rf3 fxe4
24.Rxf8 Rxf8 25.Nxe4 Qh4 26.Re1 Qf4 27.Qc3+ Kg6 28.g3 Qf5 29.h4 Qxd5 30.g4 Rf4
31.h5+ Kf7 32.g5 Bc6 33.g6+ Kg8 34.Qf6 Qxe4 35.Qd8+ Rf8  0-1

[Event "ch-PHI"]
[Site "Manila PHI"]
[Date "2011.07.17"]
[Round "3"]
[White "Antonio,R"]
[Black "Paragua,M"]
[Result "1-0"]
[WhiteElo "2565"]
[BlackElo "2545"]

1.e4 c5 2.Nf3 d6 3.Bb5+ Bd7 4.Bxd7+ Qxd7 5.c4 Nf6 6.Nc3 g6 7.O-O Bg7 8.e5 dxe5
9.Nxe5 Qc7 10.Qa4+ Nbd7 11.Re1 O-O 12.Nxd7 Qxd7 13.Qxd7 Nxd7 14.Rxe7 Rfe8
15.Rxe8+ Rxe8 16.Kf1 Ne5 17.b3 Nd3 18.Ba3 a6 19.Rd1 Rd8 20.g3 Nxf2 21.Kxf2 Bxc3
22.Bxc5 Bxd2 23.Ke2 Bg5 24.Rxd8+ Bxd8 25.Kd3 f5 26.Kd4 Bc7 27.Kd5 f4 28.gxf4 Bxf4
29.Bd6 Bxd6 30.Kxd6 g5 31.Kc7  1-0

[Event "Opatija Summer Open"]
[Site "Opatija CRO"]
[Date "2011.07.17"]
[Round "7.3"]
[White "Golubovic,B"]
[Black "Plenca,J"]
[Result "0-1"]
[WhiteElo "2414"]
[BlackElo "2339"]

1.e4 c5 2.Nf3 d6 3.Bb5+ Nd7 4.d4 cxd4 5.Qxd4 e5 6.Qd3 a6 7.Bxd7+ Bxd7 8.Bg5 f6
9.Be3 f5 10.exf5 Qc8 11.Ng5 Bxf5 12.Qb3 Bg6 13.Nc3 Nf6 14.f3 Qc6 15.O-O-O O-O-O
16.Rhe1 d5 17.Bb6 Rd6 18.Ba5 h6 19.Nh3 d4 20.Nb1 Rd5 21.Bd2 Rc5 22.Na3 a5
23.Nf4 exf4 24.Bxf4 a4 25.Qe6+ Qxe6 26.Rxe6 d3 27.c3 Bf5 28.Ree1 Nd5 29.Be5 Be7
30.g3 Bf6 31.Kd2 Rd8 32.Bxf6 Nxf6 33.b4 axb3 34.axb3 Ra5 35.Ra1 Re8 36.Nc4 Rxa1
37.Rxa1 Re2+ 38.Kd1 Rxh2 39.Ra5 Be6 40.Rc5+ Kb8  0-1

[Event "3rd International Open"]
[Site "Rethymno GRE"]
[Date "2011.07.17"]
[Round "8"]
[White "Markidis,K"]
[Black "Chulivska,V"]
[Result "1/2-1/2"]
[WhiteElo "2330"]
[BlackElo "2219"]

1.e4 c5 2.Nf3 d6 3.Bb5+ Bd7 4.Bxd7+ Qxd7 5.c4 Nf6 6.Nc3 e5 7.O-O Nc6 8.a3 Be7
9.Rb1 O-O 10.b4 b6 11.d3 h6 12.Bd2 Rfe8 13.bxc5 dxc5 14.Nd5 Bd8 15.Bc3 Nd4
16.Nxf6+ Bxf6 17.Bxd4 cxd4 18.Rb5 g6 19.Qb3 Re6 20.a4 Rae8 21.Ra1 Bd8 22.Rd5 Qe7
23.Qb5 Qf6 24.Rd7 R6e7 25.Rb1 Qe6 26.Rxe7 Rxe7 27.Qd5 Qxd5 28.cxd5 f6 29.Nd2 Rc7
30.Nc4 Rc5 31.g3 Kf8 32.Kf1 Ke7 33.Ke2 Bc7 34.h4 h5 35.Kd2 f5 36.f3 Kd7 37.Rb3 Ke7
38.Rb2 Kd7 39.Ke2 Ke7 40.Rb1 Kf6 41.Kf2 Ke7 42.Rb5 fxe4 43.fxe4 Rxb5 44.axb5 Kd7
45.Kg2 Bd6 46.Kh3 Bc7 47.g4 Ke7 48.Kg3 Kd7 49.Kf3 Ke7 50.Ke2 Kd7 51.g5 Ke7
52.Kd1 Bd6 53.Kc2 Bc7 54.Kb3 Bd6 55.Nd2 Bc7 56.Nf1 Kd6 57.Kc4 Kd7 58.Nh2 Bd6  1/2-1/2

[Event "34th Taminco Open"]
[Site "Ghent BEL"]
[Date "2011.07.18"]
[Round "5.16"]
[White "Rechner,K"]
[Black "Hekhuis,J"]
[Result "1/2-1/2"]
[WhiteElo "2255"]
[BlackElo "2117"]

1.e4 c5 2.Nf3 d6 3.Bb5+ Bd7 4.Bxd7+ Qxd7 5.c4 Nc6 6.Nc3 Nf6 7.d4 cxd4 8.Nxd4 g6
9.f3 Bg7 10.Be3 O-O 11.Qd2 Rfc8 12.b3 Rab8 13.O-O a6 14.a4 Na5 15.Rab1 Qd8
16.Nd5 Nc6 17.Ra1 Nd7 18.a5 Nc5 19.Rfb1 Ne6 20.Nxe6 fxe6 21.Nb6 Bxa1 22.Nxc8 Bg7
23.Nb6 Qc7 24.b4 Ne5 25.Rc1 Rd8 26.Qe2 Nd7 27.Qd3 Nf6 28.Qb3 Kh8 29.Rd1 h6
30.c5 d5 31.exd5 exd5 32.Bf2 Qc6 33.Nc4 Kh7 34.Ne5 Qc7 35.Bg3 Nh5 36.Nf7 Nxg3
37.Nxd8 Ne2+ 38.Kf2 Nc3 39.Ne6 Nxd1+ 40.Qxd1 Qd7 41.Nf4 d4 42.Qd3 Qc6 43.h4 e5
44.Ne2 Bf6 45.g3 h5 46.Nc1 Qe6 47.Qb3 Qc6 48.Qd3  1/2-1/2

[Event "Najdorf Memorial"]
[Site "Warsaw POL"]
[Date "2011.07.18"]
[Round "6"]
[White "Licznerski,L"]
[Black "Dragun,K"]
[Result "0-1"]
[WhiteElo "2122"]
[BlackElo "2428"]

1.e4 c5 2.Nf3 d6 3.Bb5+ Nc6 4.d4 cxd4 5.Qxd4 Bd7 6.Bxc6 Bxc6 7.Nc3 Nf6 8.Bg5 e6
9.O-O-O Be7 10.Qd3 Qa5 11.h4 h6 12.Bxf6 Bxf6 13.Nd4 O-O 14.g4 d5 15.Nb3 dxe4
16.Nxa5 exd3 17.Nxc6 dxc2 18.Rd6 bxc6 19.Kxc2 Rfc8 20.f4 Kf8 21.Ne4 Be7 22.Rd7 Rd8
23.Rhd1 f5 24.gxf5 exf5 25.Ng3 Bxh4 26.Nxf5 Rxd7 27.Rxd7 Bf6 28.Ng3 Re8 29.Nh5 Re6
30.f5 Re7 31.Nxf6 gxf6 32.Rd6 Kg7 33.Rxc6 h5 34.Kd3 a5 35.Rc1 Re5 36.Rg1+ Kh7
37.b3 Rxf5 38.Ke4 Rg5 39.Rc1 Kg6 40.Kf4 Rf5+ 41.Kg3 Kg5 42.Rc4 Rd5 43.b4 Rd3+
44.Kg2 Rd2+ 45.Kg3 axb4 46.Rxb4 Rxa2 47.Rg4+ Kf5 48.Rg8 Ra3+ 49.Kh4 Ra4+
50.Kh3 Kf4 51.Kh4 Ra1 52.Kh3 f5 53.Rb8 Re1 54.Rb4+ Re4 55.Rb5 Kg5 56.Rb3 Kf4
57.Kh4 Re3 58.Rb4+ Kf3 59.Kxh5 Kg3 60.Kg5 Rf3 61.Rb2 f4 62.Rb1 Ra3 63.Rg1+ Kf2
64.Rb1 f3 65.Kg4 Kg2  0-1

[Event "34th Taminco Open"]
[Site "Ghent BEL"]
[Date "2011.07.19"]
[Round "7.2"]
[White "Leenhouts,K"]
[Black "Van der Stricht,G"]
[Result "1/2-1/2"]
[WhiteElo "2397"]
[BlackElo "2374"]

1.e4 c5 2.Nf3 d6 3.Bb5+ Bd7 4.Bxd7+ Qxd7 5.c4 Nc6 6.O-O Nf6 7.Nc3 e6 8.d4 cxd4
9.Nxd4 Be7 10.Be3 O-O 11.Qe2 Nxd4 12.Bxd4 Qc6 13.Rac1 Rfe8 14.f3 b6 15.Rfd1 Nd7
16.b3 Bf8 17.Bf2 a6 18.Kh1 Qb7 19.Bg3 Ne5 20.Rc2 Qc6 21.a4 Qc5 22.Na2 Qa3
23.Nc1 Rac8 24.Ra2 Qc5 25.Nd3 Nxd3 26.Qxd3 Red8 27.Bf2 Qc6 28.Rad2 Rb8 29.Qf1 Be7
30.Bg3 Qc5 31.Qg1 Qb4 32.Rd3 h6 33.h3 Qa3 34.Qh2 Rbc8 35.Qg1 Rb8 36.Ra1 Qc5
37.Bf2 Qc6 38.Rad1 Rdc8 39.Bg3 Rd8 40.Qh2 e5 41.Qg1 b5 42.cxb5 axb5 43.a5 b4
44.Rc1 Qa6 45.Rd5 Rdc8 46.Rb1 Rc3 47.Be1 Rc2 48.Bf2 Ra2 49.Bb6 Rc8 50.Qf1 Qxf1+
51.Rxf1 Rcc2 52.Rg1 Rcb2 53.Rd3 Bg5 54.Rxd6 Rxb3 55.Rd5 Bf4 56.Rgd1 Rbb2
57.Rg1 b3 58.Rb5 h5 59.Ba7 h4 60.Bb6 Kh7 61.Ba7 f6 62.Bb6 Kg6 63.Ba7 Rc2
64.Rxb3 Rxa5 65.Bb6 Raa2 66.Be3 Bxe3 67.Rxe3 Kg5 68.Rd3 Rd2 69.Rc3 Rdc2 70.Rb3 Rcb2
71.Rd3 Rd2 72.Rc3 Rdc2 73.Rxc2 Rxc2 74.Kh2 Kg6 75.Rd1 Ra2 76.Rd8 Kh7 77.Rd7 Rb2
78.Rd3 Ra2 79.Rd1 Rb2 80.Rf1 Re2 81.Kh1 Kg6 82.Rd1 Ra2 83.Rd8 Kh7 84.Rd5 Kg6
85.Kh2 Rb2 86.Rc5 Ra2 87.Rc1 Rb2 88.Rf1 Ra2 89.f4 exf4 90.Rxf4 Kh5 91.Rf5+ Kg6
92.Rf4 Kh5 93.Kg1 Re2 94.Kf1 Ra2 95.Rf5+ Kg6 96.Rf2 Rxf2+ 97.Kxf2 f5 98.exf5+  1/2-1/2

[Event "III Corporation Cup A"]
[Site "Izhevsk RUS"]
[Date "2011.07.19"]
[Round "5"]
[White "Krutko,A"]
[Black "Shinkevich,V"]
[Result "1-0"]
[WhiteElo "2386"]
[BlackElo "2474"]

1.e4 c5 2.Nf3 d6 3.Bb5+ Nd7 4.O-O Nf6 5.d4 Nxe4 6.Qe2 d5 7.c4 a6 8.Bxd7+ Qxd7
9.cxd5 Qxd5 10.Re1 Nf6 11.Nc3 Qh5 12.dxc5 Bg4 13.Bf4 Qxc5 14.h3 Bxf3 15.Qxf3 Qc6
16.Qe2 e6 17.Rac1 Be7 18.Red1 Qb6 19.Na4 Qa5 20.b3 O-O 21.Bc7 Qb5 22.Qf3 Nd5
23.Nc3 Nxc3 24.Rxc3 Ba3 25.Qg3 Qe2 26.Rd7 Qxa2 27.Kh2 Rfe8 28.Be5 Bf8 29.Rcc7 Qb1  1-0

[Event "ch-PHI"]
[Site "Manila PHI"]
[Date "2011.07.19"]
[Round "7"]
[White "Gomez,Joh"]
[Black "So,W"]
[Result "1/2-1/2"]
[WhiteElo "2529"]
[BlackElo "2658"]

1.e4 c5 2.Nf3 d6 3.Bb5+ Bd7 4.Bxd7+ Qxd7 5.O-O Nf6 6.Re1 Nc6 7.c3 e6 8.d4 cxd4
9.cxd4 d5 10.e5 Ne4 11.Nbd2 Nxd2 12.Bxd2 Bb4 13.Rc1 Bxd2 14.Qxd2 O-O 15.Re3 Rac8
16.Rec3 Ne7 17.b3 Rxc3 18.Rxc3 Rc8 19.h3 h6 20.Qc2 Rxc3 21.Qxc3 Qc6 22.Qxc6 Nxc6
23.Kf1 Nb4 24.a3 Nc2 25.a4 Na1 26.Nd2 Nc2 27.Nf3 a5 28.Ke2 Kf8 29.Kd2 Nb4
30.Ne1 f6  1/2-1/2

[Event "13th Sant Marti Open"]
[Site "Barcelona ESP"]
[Date "2011.07.20"]
[Round "8"]
[White "Munoz Pantoja,M"]
[Black "Leon Hoyos,M"]
[Result "0-1"]
[WhiteElo "2482"]
[BlackElo "2548"]

1.e4 c5 2.Nf3 d6 3.Bb5+ Nd7 4.c4 Nf6 5.Nc3 g6 6.O-O Bg7 7.d3 O-O 8.Ne1 Nb6
9.f4 a6 10.Ba4 Nxa4 11.Qxa4 b5 12.Qc2 bxc4 13.dxc4 Rb8 14.Nd3 Be6 15.e5 Nd7
16.exd6 Bxc4 17.Ne4 Bd4+ 18.Kh1 Bd5 19.dxe7 Qxe7 20.Ng3 Qh4 21.f5 Nf6 22.Ne2 Ng4
23.Bf4 Ne3 24.Bxe3 Bxe3 25.Ndf4 Ba8 26.Rad1 Rbe8 27.fxg6 hxg6 28.Nd5 Re5
29.Nef4 Bxf4 30.Nxf4 Rf5 31.Qd2 Re8 32.Kg1 Bc6 33.b3 Rfe5 34.a4 Ba8 35.Rf2 Rf5
36.Rdf1 Rd8 37.Qe3 Qg5 38.Qe2 Re5 39.Qxa6 Re3 40.a5 Rde8 41.Qb5 Kg7 42.b4 R8e5
43.Qb8 Re8 44.Qb5 R8e5 45.bxc5 Rf5 46.Qb2+ Kh7 47.Qb8 Be4 48.Qd6 Ra3 49.c6 Raxa5
50.c7 Ra8 51.Qd4 Rxf4 52.Qe3 Rg4 53.Rxf7+ Kh6 54.Qh3+ Rh4 55.Qg3 Qxg3 56.hxg3 Rh5
57.Rc1 Rc8 58.Re7 Bf5 59.Rc4 Kg5 60.Re5 Kf6 61.Rec5 Be6 62.Rc6 Re5 63.g4 Ke7
64.Rd4 g5 65.Kh2 Bd5 66.Rh6 Rxc7 67.Ra4 Re2 68.Rh7+ Kd6 69.Ra6+ Rc6 70.Rh6+ Re6
71.Rxc6+ Bxc6 72.Rh5 Re5 73.Kg3 Bd7 74.Rh6+ Be6 75.Rf6 Ke7 76.Rf2 Re4 77.Rb2 Rxg4+
78.Kh2 Ra4 79.Rb5 Kf6 80.Rc5 Ra2 81.Kg3 Rd2 82.Kf3 Rd5 83.Rc6 Kf5 84.Rc2 Ra5
85.Kg3 Ra3+ 86.Kh2 Ra2 87.Rc5+ Kf4 88.Rb5 Bf5 89.Rb4+ Be4 90.Kh1 g4  0-1

[Event "Biel MTO Open"]
[Site "Biel SUI"]
[Date "2011.07.20"]
[Round "3"]
[White "Paehtz,E"]
[Black "Nyzhnyk,I"]
[Result "1/2-1/2"]
[WhiteElo "2463"]
[BlackElo "2589"]

1.e4 c5 2.Nf3 d6 3.Bb5+ Nc6 4.c3 Bd7 5.O-O Nf6 6.Re1 a6 7.Ba4 b5 8.Bc2 Bg4
9.h3 Bxf3 10.Qxf3 g6 11.a4 Rb8 12.axb5 axb5 13.Qd1 Bg7 14.d4 cxd4 15.cxd4 Nd7
16.Be3 O-O 17.Nc3 e5 18.dxe5 Ndxe5 19.Rb1 Nc4 20.Bc1 Nb4 21.Nd5 Nxd5 22.Qxd5 Qa5
23.Re2 Qa2 24.b3 Na3 25.Bxa3 Qxa3 26.b4 Qc3 27.Qxd6 Rfd8 28.Qf4 Rbc8 29.Bb3 Be5
30.Qxf7+ Kh8 31.Qe6 Ra8 32.Ree1 Rf8 33.Rf1 Bd4 34.Bd5 Rae8 35.Qc6 Qd2 36.Kh1 Qf4
37.Qc1 Qxc1 38.Rbxc1 Bxf2 39.Bc6  1/2-1/2

[Event "Czech Open G Rapid"]
[Site "Pardubice CZE"]
[Date "2011.07.21"]
[Round "6.4"]
[White "Rausis,I"]
[Black "Lalic,B"]
[Result "1/2-1/2"]
[WhiteElo "2510"]
[BlackElo "2470"]

1.e4 c5 2.Nf3 d6 3.Bb5+ Bd7 4.Bxd7+ Qxd7 5.c4 Nf6 6.Nc3 g6 7.O-O Bg7 8.d4 cxd4
9.Nxd4 Nc6 10.Nde2 O-O 11.f3 Rab8 12.Be3 a6 13.a4 Rfc8 14.a5 Qe8 15.Qd2 Ne5
16.b3 Ned7 17.Rab1 Rc6 18.Nd5 Nxd5 19.exd5 Rc7 20.Rfe1 Qf8 21.h3 Re8 22.Ng3 Nc5
23.f4 e6 24.Bd4 Bxd4+ 25.Qxd4 Rce7 26.b4 Nd7 27.dxe6 Rxe6 28.Rxe6 Rxe6 29.Qd5 Qc8
30.f5 Re3 31.Ne4 Ne5 32.Nxd6 Qd8 33.fxg6 hxg6 34.Rf1 Rd3 35.Qxe5 Rxd6 36.Kh2 Re6
37.Qf4 Qe7 38.c5 Re4 39.Qf6 Qxf6 40.Rxf6 Rxb4 41.c6 bxc6 42.Rxc6 Ra4 43.Rxa6 Kg7
44.Ra8 Kf6 45.Kg3 Kf5 46.a6 Ra3+ 47.Kh2 Kf4 48.a7 Ra1 49.h4 Kf5 50.g4+ Kf6
51.Kg3 Kg7 52.h5 gxh5 53.gxh5 Ra4 54.Kf3 Ra1 55.Ke4 Re1+ 56.Kd3 Ra1 57.Kc3 Ra2
58.Kb4 Ra1 59.h6+ Kh7 60.Kb5 Rb1+ 61.Kc6 Rc1+ 62.Kd6 Rd1+ 63.Ke7 Re1+ 64.Kxf7 Rf1+
65.Ke6 Re1+ 66.Kd6 Rd1+ 67.Kc5 Rc1+ 68.Kb4 Ra1 69.Kb3 Ra6 70.Kc3 Ra1 71.Kb4 Rb1+
72.Ka3 Ra1+ 73.Kb3 Ra6 74.Kc4  1/2-1/2

[Event "Najdorf Memorial"]
[Site "Warsaw POL"]
[Date "2011.07.21"]
[Round "7"]
[White "Kantans,T"]
[Black "Kocwin,B"]
[Result "1-0"]
[WhiteElo "2345"]
[BlackElo "2241"]

1.e4 c5 2.Nf3 d6 3.Bb5+ Bd7 4.Bxd7+ Qxd7 5.O-O Nf6 6.Qe2 e6 7.d4 cxd4 8.Nxd4 a6
9.Rd1 Qc7 10.Nc3 Be7 11.Rd3 Nc6 12.Nxc6 bxc6 13.Bf4 e5 14.Bg5 h6 15.Bh4 g5
16.Bg3 Rb8 17.b3 Nd7 18.Na4 Nf8 19.Rad1 h5 20.h3 Ne6 21.Nb2 Rh6 22.Nc4 Nc5
23.R3d2 g4 24.hxg4 h4 25.Bh2 Rd8 26.Qe3 Rg6 27.Bxe5 Bg5 28.Bf4  1-0

[Event "Czech GM Open A"]
[Site "Pardubice CZE"]
[Date "2011.07.22"]
[Round "1.68"]
[White "Andersen,AlfR"]
[Black "Talla,V"]
[Result "1/2-1/2"]
[WhiteElo "2218"]
[BlackElo "2427"]

1.e4 c5 2.Nf3 d6 3.Bb5+ Nd7 4.c3 Nf6 5.Qe2 a6 6.Ba4 b5 7.Bc2 e5 8.d4 Be7
9.O-O O-O 10.a4 Bb7 11.Na3 exd4 12.cxd4 Re8 13.Bf4 Nxe4 14.axb5 Bf6 15.Rfe1 axb5
16.Qxb5 Qc7 17.Nc4 Rxa1 18.Rxa1 Bc6 19.Qa6 cxd4 20.Bxe4 Bxe4 21.Bxd6 Qc6
22.Qxc6 Bxc6 23.Nfd2 h6 24.f3 Nf8 25.Kf2 Bb5 26.b3 Ng6 27.Ra5 Bxc4 28.bxc4 Ne5
29.Bxe5 Bxe5 30.Rd5 Bf4 31.Nb3 Be3+ 32.Ke2 Bg1+ 33.Kd2 Bxh2 34.Rxd4 Rb8 35.Kc3 Rc8
36.Rd2 Bf4  1/2-1/2

[Event "Biel MTO Open"]
[Site "Biel SUI"]
[Date "2011.07.23"]
[Round "6"]
[White "Ulibin,M"]
[Black "Schut,L"]
[Result "1-0"]
[WhiteElo "2538"]
[BlackElo "2304"]

1.e4 c5 2.Nf3 d6 3.Bb5+ Bd7 4.Bxd7+ Qxd7 5.O-O Nf6 6.e5 dxe5 7.Nxe5 Qc7 8.d4 cxd4
9.Bf4 Qb6 10.Na3 Nc6 11.Qe2 e6 12.Nb5 Nd5 13.Bg3 a6 14.Nd6+ Bxd6 15.Nc4 Qa7
16.Nxd6+ Ke7 17.Qf3 Nf6 18.Qa3 Kd7 19.Nxf7 Ne4 20.Rfe1 Rhf8 21.Rxe4 Rxf7
22.Qd6+ Ke8 23.Rxe6+ Ne7 24.Rae1 b5 25.Bh4  1-0

[Event "Biel MTO Open"]
[Site "Biel SUI"]
[Date "2011.07.23"]
[Round "6"]
[White "Baklan,V"]
[Black "Al Sayed,Mohamad"]
[Result "1/2-1/2"]
[WhiteElo "2620"]
[BlackElo "2498"]

1.e4 c5 2.Nf3 d6 3.Bb5+ Nc6 4.O-O Bd7 5.Re1 Nf6 6.h3 Ne5 7.a4 a6 8.Bxd7+ Nfxd7
9.Nxe5 Nxe5 10.d4 cxd4 11.Qxd4 Nc6 12.Qd3 g6 13.Qc3 Qa5 14.Bd2 Qxc3 15.Bxc3 f6
16.Nd2 Bg7 17.Nc4 O-O 18.Nb6 Rad8 19.Rad1 f5 20.Bxg7 Kxg7 21.exf5 Rxf5 22.Re2 Re5
23.Red2 Re4 24.b3 Rf8 25.f3 Re6 26.c3 Rf7 27.b4 a5 28.b5 Ne5 29.Rd4 g5 30.Re4 Ref6
31.c4 Rf4 32.c5 Rxe4 33.fxe4 dxc5 34.Rd5 Kf6 35.Rxc5 e6 36.Rc1 Ke7  1/2-1/2

[Event "4th Paleohora Open"]
[Site "Paleochora GRE"]
[Date "2011.07.23"]
[Round "5"]
[White "Khetsuriani,B"]
[Black "Karaoulanis,D"]
[Result "1/2-1/2"]
[WhiteElo "2325"]
[BlackElo "1982"]

1.e4 c5 2.Nf3 d6 3.Bb5+ Bd7 4.Bxd7+ Qxd7 5.O-O Nc6 6.c4 g6 7.d4 cxd4 8.Nxd4 Bg7
9.Be3 Nf6 10.f3 O-O 11.Nc3 Rac8 12.b3 a6 13.a4 e6 14.Nde2 Qc7 15.Rc1 Rfd8
16.Kh1 Rd7 17.Nf4 Rcd8 18.Ncd5 Qb8 19.Nxf6+ Bxf6 20.Bb6 Bg5 21.Bxd8 Qxd8
22.g3 e5 23.Nd5 Bxc1 24.Qxc1 Kg7 25.Kg2 Nd4 26.Qe3 f6 27.Rf2 Rf7 28.Qc3 Qd7
29.a5 f5 30.exf5 Qxf5 31.b4 Qb1 32.Qd2 Qb3 33.Ne3 Qb1  1/2-1/2

[Event "Czech GM Open A"]
[Site "Pardubice CZE"]
[Date "2011.07.23"]
[Round "2.90"]
[White "Kulovana,E"]
[Black "Oresky,J"]
[Result "1-0"]
[WhiteElo "2330"]
[BlackElo "2223"]

1.e4 c5 2.Nf3 d6 3.Bb5+ Nc6 4.O-O Nf6 5.Re1 Bd7 6.c3 a6 7.Bf1 Bg4 8.d4 cxd4
9.cxd4 d5 10.e5 Nd7 11.e6 Bxe6 12.Nc3 Nf6 13.Rxe6 fxe6 14.g3 g6 15.Bh3 h6
16.Qd3 Kf7 17.Bf4 Ne4 18.Re1 Bg7 19.Nxe4 dxe4 20.Qxe4 Bf6 21.Bxe6+ Kg7 22.d5 g5
23.dxc6 gxf4 24.cxb7 Rb8 25.Ne5 Qe8 26.Bf7 Qxf7 27.Nxf7 Kxf7 28.Qe6+ Kg7
29.Qxa6 fxg3 30.hxg3 Rhd8 31.Rc1 Rd7 32.Rc8 Rbxb7 33.Qc4 Bxb2 34.Qg8+ Kf6
35.Rc6+ Rd6 36.Qc8 Rb6 37.Rxd6+  1-0

[Event "III Corporation Cup A"]
[Site "Izhevsk RUS"]
[Date "2011.07.24"]
[Round "9"]
[White "Harutjunyan,G"]
[Black "Shinkevich,V"]
[Result "0-1"]
[WhiteElo "2464"]
[BlackElo "2474"]

1.e4 c5 2.Nf3 d6 3.Bb5+ Nc6 4.O-O Bd7 5.c3 Nf6 6.Re1 a6 7.Bf1 Bg4 8.d3 e6
9.Nbd2 Be7 10.h3 Bh5 11.a3 Nd7 12.Nc4 O-O 13.Bf4 b5 14.Ne3 Nb6 15.Rc1 Rc8
16.b4 d5 17.exd5 Nxd5 18.Nxd5 Qxd5 19.g4 Bg6 20.bxc5 Bxc5 21.a4 Ba3 22.Rb1 bxa4
23.c4 Qa5 24.Ra1 Bb4 25.Rxa4 Qb6 26.Qb3 a5 27.Rd1 f5 28.Be3 Qc7 29.Ng5 Rce8
30.gxf5 exf5 31.c5+ Kh8 32.Bg2 f4 33.Bc1 Nd4 34.Qd5 Rd8 35.Qc4 f3 36.Bf1 Qc6
37.Rxb4 axb4 38.Bb2 Rf4 39.Kh1 h6 40.Ne4 Ne6 41.Re1 Bxe4 42.dxe4 Ng5 43.Qa6 Qxa6
44.Bxa6 Rxe4 45.Rg1 Re2 46.Bc1 Nxh3 47.Rf1 Nxf2+ 48.Kg1 Rc2 49.Be3 Ng4  0-1

[Event "COQ Invitational"]
[Site "Montreal CAN"]
[Date "2011.07.24"]
[Round "2"]
[White "Bojkov,D"]
[Black "Cheng,Bi"]
[Result "1-0"]
[WhiteElo "2544"]
[BlackElo "2385"]

1.e4 c5 2.Nf3 d6 3.Bb5+ Nd7 4.d4 cxd4 5.Qxd4 a6 6.Bxd7+ Bxd7 7.O-O Rc8 8.Nc3 e5
9.Qa7 Bc6 10.Rd1 Ra8 11.Qe3 Qc7 12.b3 Nf6 13.Ba3 b5 14.Nd5 Bxd5 15.exd5 Rd8
16.c4 bxc4 17.bxc4 Be7 18.Qb3 O-O 19.Rab1 Nd7 20.Qa4 Ra8 21.Qc6 Ra7 22.c5 Nxc5
23.Bxc5 Qxc6 24.dxc6 dxc5 25.Nxe5 f6 26.Nd7 Rc8 27.Rb7 Rc7 28.Rdb1 c4 29.Rxa7 Rxa7
30.Rb7 c3 31.c7  1-0

[Event "8th World Teams"]
[Site "Ningbo CHN"]
[Date "2011.07.24"]
[Round "7"]
[White "Nabaty,T"]
[Black "Areshchenko,A"]
[Result "1/2-1/2"]
[WhiteElo "2584"]
[BlackElo "2682"]

1.e4 c5 2.Nf3 d6 3.Bb5+ Bd7 4.Bxd7+ Qxd7 5.O-O Nf6 6.Qe2 Nc6 7.c3 e6 8.d4 cxd4
9.cxd4 d5 10.e5 Ne4 11.Nbd2 Nxd2 12.Bxd2 Be7 13.a3 O-O 14.Qd3 h6 15.Rae1 Qd8
16.Re3 Na5 17.b3 Nc6 18.b4 Qb6 19.Rb1 Rfc8 20.h4 a6 21.b5 axb5 22.Rxb5 Qc7
23.Qb1 Rcb8 24.Reb3 Rxa3 25.Rxb7 Rxb3 26.Rxb3 Rxb3 27.Qxb3 Qb8 28.Qa4 Qb7
29.g3 Bf8 30.Kg2 Qb6 31.Be3 Qb7 32.h5 Be7 33.g4 Qc8 34.Qc2 Na7  1/2-1/2

[Event "Poznan Summer Open"]
[Site "Poznan POL"]
[Date "2011.07.24"]
[Round "9.1"]
[White "Musialkiewicz,J"]
[Black "Moranda,W"]
[Result "0-1"]
[WhiteElo "2150"]
[BlackElo "2586"]

1.e4 c5 2.Nf3 d6 3.Bb5+ Nc6 4.O-O Bd7 5.Re1 Nf6 6.c3 a6 7.Bxc6 Bxc6 8.d4 Bxe4
9.Bg5 Bd5 10.Nbd2 e6 11.c4 Bxf3 12.Qxf3 cxd4 13.Bxf6 gxf6 14.Qxb7 Rb8 15.Qxa6 f5
16.Qc6+ Qd7 17.Qd5 Bg7 18.Qxf5 Rxb2 19.Nf3 O-O 20.Qe4 Rc8 21.Ng5 h6 22.Qh7+ Kf8
23.Ne4 Rxc4 24.Ng3 Qb5 25.a4 Qa5 26.h4 Rcc2 27.Rf1 Qd5 28.a5 d3 29.a6 Rxf2  0-1

[Event "98th ch-GBR"]
[Site "Sheffield ENG"]
[Date "2011.07.24"]
[Round "1.12"]
[White "Ross,C"]
[Black "Pert,R"]
[Result "0-1"]
[WhiteElo "2234"]
[BlackElo "2459"]

1.e4 c5 2.Nf3 d6 3.Bb5+ Nd7 4.O-O a6 5.Bxd7+ Bxd7 6.d4 cxd4 7.Qxd4 Rc8 8.Nc3 e5
9.Qd3 h6 10.Nd2 Be6 11.Nd5 Nf6 12.c4 Be7 13.Nb3 Nxd5 14.cxd5 Bd7 15.Qg3 Bg5
16.Bxg5 hxg5 17.Rfc1 g6 18.Rxc8 Bxc8 19.Rc1 Kf8 20.Qc3 Kg7 21.Nd2 Qf6 22.Qe3 Rd8
23.Qc3 g4 24.Nf1 Qg5 25.Qe3 Qh4 26.Qc3 Qf6 27.Qe3 Bd7 28.Rc7 Bb5 29.Rxb7 Rc8
30.g3 Qf3 31.h4 Bxf1 32.Kxf1 Rc1+  0-1

[Event "Czech GM Open A"]
[Site "Pardubice CZE"]
[Date "2011.07.25"]
[Round "4.70"]
[White "Dann,M"]
[Black "Netzer,Ja"]
[Result "1-0"]
[WhiteElo "2373"]
[BlackElo "2261"]

1.e4 c5 2.Nf3 d6 3.Bb5+ Bd7 4.Bxd7+ Qxd7 5.c4 Nf6 6.Nc3 g6 7.d4 cxd4 8.Nxd4 Bg7
9.f3 Nc6 10.Be3 O-O 11.O-O Rac8 12.b3 b6 13.Qd2 Rfd8 14.Rac1 Qb7 15.Rfd1 Nd7
16.Nd5 Nf8 17.Nxc6 Rxc6 18.Bg5 Rd7 19.Bh6 Bh8 20.h4 Ne6 21.h5 b5 22.cxb5 Qxb5
23.Rxc6 Qxc6 24.Rc1 Qb7 25.Be3 Nd8 26.Bd4 Bxd4+ 27.Qxd4 Ne6 28.Qc4 gxh5 29.f4 a6
30.f5 Nc5 31.f6  1-0

[Event "TCh-POR 1st Div"]
[Site "Torres Vedras POR"]
[Date "2011.07.25"]
[Round "3.5"]
[White "Aguiar,H"]
[Black "Diogo,V"]
[Result "1/2-1/2"]
[WhiteElo "1938"]
[BlackElo "2299"]

1.e4 c5 2.Nf3 d6 3.Bb5+ Bd7 4.Bxd7+ Qxd7 5.c4 Nc6 6.Nc3 g6 7.d4 cxd4 8.Nxd4 Bg7
9.Be3 Nf6 10.f3 O-O 11.O-O Rfc8 12.b3 Qd8 13.Qd2 a6 14.Rac1 Qa5 15.Rfd1 Nd7
16.Nd5 Qxd2 17.Rxd2 Kf8 18.Ne2  1/2-1/2

[Event "2nd ch-Vojvodina"]
[Site "Novi Sad SRB"]
[Date "2011.07.26"]
[Round "4.23"]
[White "Ujhazi,I"]
[Black "Copic,B"]
[Result "1/2-1/2"]
[WhiteElo "2218"]
[BlackElo "2030"]

1.e4 c5 2.Nf3 d6 3.Bb5+ Bd7 4.Bxd7+ Qxd7 5.O-O Nc6 6.c3 Nf6 7.Re1 e5 8.d4 Be7
9.Na3 O-O 10.Bg5 Qc7 11.Nb5 Qb6 12.Bxf6 Bxf6 13.Nxd6 cxd4 14.Qb3 dxc3 15.bxc3 Qc7
16.Nc4 Na5 17.Nxa5 Qxa5 18.Qxb7 Rab8 19.Qd5 Qxc3 20.Rac1 Qb2 21.Rc7 Qb6 22.Rc6 Qb2
23.Rec1 Rfd8 24.Qa5 Qb5 25.R6c5 Qb2 26.h3 h6 27.Rc7 Rb7 28.R1c2 Qb1+ 29.Kh2 Re8
30.Qd5 Rxc7 31.Rxc7 Rf8 32.Rxa7 Qb6 33.Ra8 Qxf2 34.Rxf8+ Kxf8 35.Qa8+ Ke7
36.Qb7+ Kd6 37.Qd5+ Kc7 38.Qxf7+ Kb6 39.Qb3+ Ka6 40.a4 Qe2 41.Qe6+ Ka5 42.Nxe5 Kxa4
43.Qc4+ Qxc4 44.Nxc4 Kb4 45.Nd2 Kc3 46.Nf3 Kd3 47.e5 Be7 48.Kg3 Ke4 49.h4 h5
50.Kf2 Bc5+ 51.Ke2 Be7 52.Kd2 Bb4+ 53.Kc2 Be7 54.Kc3 Bxh4 55.Nxh4 Kxe5 56.Nf3+ Kf4
57.Kd2 Kg3 58.Ne1 h4 59.Ke2 h3 60.gxh3 Kxh3  1/2-1/2

[Event "Sparkassen Open A"]
[Site "Dortmund GER"]
[Date "2011.07.27"]
[Round "5.47"]
[White "Schaller,Fabian"]
[Black "Moeller,Jeremy"]
[Result "1/2-1/2"]
[WhiteElo "1944"]
[BlackElo "1863"]

1.e4 c5 2.Nf3 d6 3.Bb5+ Nd7 4.c4 a6 5.Ba4 Rb8 6.Nc3 Nf6 7.d3 e6 8.O-O Be7
9.e5 dxe5 10.Nxe5 O-O 11.Bf4 Nxe5 12.Bxe5 Bd6 13.d4 cxd4 14.Qxd4 Bxe5 15.Qxe5 Bd7
16.Rfd1 Qc8 17.Bxd7 Nxd7 18.Qd6 Nf6 19.Rd4 Rd8 20.Qf4 Rxd4 21.Qxd4 Qc6 22.c5 Rc8
23.Rd1 h6 24.Na4 e5 25.Qb4 Nd5 26.Qe4 Nf6 27.Qxc6 Rxc6 28.f3 Kf8 29.Kf2 Ke7
30.b4 Nd7 31.a3 Ke6 32.Ke3 f5 33.f4 g5 34.g3 exf4+ 35.gxf4 Nf6 36.fxg5 hxg5
37.h3 Nd5+ 38.Kf3 Rc7 39.Re1+ Kf6 40.Rd1 Ke6 41.Nb6 Nxb6 42.Rd6+ Ke5 43.Rxb6 Kd4
44.Rg6 g4+ 45.hxg4 fxg4+ 46.Rxg4+ Kc3 47.Ke4 Kc4 48.Ke5+ Kb5 49.Kd6 Rc6+
50.Kd5 Rh6 51.Rg7 Rh5+ 52.Kd6 Rh6+ 53.Kc7 b6 54.cxb6 Rc6+ 55.Kd7 Kxb6 56.Rg5 Rc3
57.Ra5 Rc4 58.Kd6 Rh4 59.Rc5 Rd4+ 60.Rd5  1/2-1/2